Регионална библиотека "Любен Каравелов" - Русе

Мениджмънт на информацията (Запис номер 77208)

MARC детайли
000 -Лидер
Контролно поле с фиксирана дължина 01464nam a2200337 c 4500
003 - Код на организацията, давaща контролен номер
Контролно поле BLK
005 - Дата и час на последна редакция
Контролно поле 20180422103637.0
008 - Елементи от данни с фиксирана дължина
fixed length control field 180408b bul|||||r ||||||| ||bul||
010 ## - Наследен системен номер
LC control number KNG00081660000
020 ## - Международен стандартен номер на книга ISBN
Международен стандартен номер на книга ISBN 978-954-327-041-5
-- издат.: Класика и Стил
040 ## - Източник на каталожния запис
Идентификатор на билиотеката - собственик на записа BLK
041 ## - Код за език
Код за езика на текст/звукозапис или на отделно заглавие Български
Код за езика КДБФ Български
080 ## - УДК
Текстов определител УДК Машини и устройства за обработка на данни. Вж и 003 ; 007 ; 621.391 ; 65.011.56
УДК код - определител по УДК 681.3
УДК определител .008
УДК - код + определител 681.3.008
080 ## - УДК
Текстов определител УДК Методи на управление. Мениджмънт. Анализи, планиране, ръководство, сътрудничество, контрол, коопериране и др.
УДК код - определител по УДК 005.5
УДК определител
УДК - код + определител 005.5
100 1# - Редна дума - Автор
Автор Сариев, Иван
Авторска отговорност първи автор
R(LIN) 371987
139 ## - Редно поле
Редна дума Сариев, Иван
Авторски знак Сар - С 20
245 10 - Сведения за заглавието
Заглавие Мениджмънт на информацията
Редно поле (дума) Иван Сариев.
257 ## - Страна на издаване
Страна на създаване/издаване България
260 ## - Област на издателските данни
-- София
Име на издателя, разпространителя и проч. Класика и Стил
Година на издаване 2008
Печатница В. Търново : Абагар
300 ## - Физическа характеристика
Страници 275 с.
Размери/Мащаб 24 см
380 ## - Жанр
Жанр Техника
650 #4 - Допълнително описание по предмет – тема
Основно описание – тема или топоним Информационни и комуникационни технологии
9 (RLIN) 242390
650 #4 - Допълнително описание по предмет – тема
Основно описание – тема или топоним Мениджмънт
9 (RLIN) 161870
653 ## - Ключова дума – ненормативна
Ключова дума информационни технологии
653 ## - Ключова дума – ненормативна
Ключова дума мениджмънт
852 ## - Местоположение
Форматна сигнатура Цб 238522
856 4# - Електронен адрес и достъп
Електронен формат pdf - файл
Път до файла /url/
856 4# - Електронен адрес и достъп
Електронен формат pdf - файл
Път до файла /url/
942 ## - АРТИКУЛИ
Вид на библиотечния материал Книги
Скрит в OPAC Не
944 ## - СЪЗДАВАНЕ И РЕДАКЦИЯ на ЗАПИСА
Създаване/Редакция Създаване
Дата на регистрацията/редакция 21.02.2008
Служител, извършил регистрацията/редакцията Геновева_Генчева
944 ## - СЪЗДАВАНЕ И РЕДАКЦИЯ на ЗАПИСА
Създаване/Редакция Редакция
Дата на регистрацията/редакция 16.06.2009
Служител, извършил регистрацията/редакцията
999 ## - СИСТЕМНИ КОНТРОЛНИ НОМЕРА
Koha biblionumber 77208
Koha biblioitemnumber 77208
Наличности
Код за отписване Код за изгубен артикул Източник на класификационната схема Код за повреда Коз за рестрикции Код за отдаване Артикулен № Име на библиотеката - собственик Име на библиотеката, в която се намира в момента Статус (Текущо местоположение) Дата на вписване в системата Местоположение - отдел Цена в лева Инвентарен номер Систематично азбучна сигнатура Баркод Номер на екземпляра Цена в евро Служебна бележка Служебен тип на артикула
  Не е изгубен Universal Decimal Classification Не е повреден без рестрикции ползва се в читалня 125148 Регионална библиотека "Любен Каравелов" Русе Регионална библиотека "Любен Каравелов" Русе Читалня 2008-02-21 Читалня 20.00 120000723695 Ч 004/С 20 120000723695 1 10.23 Дост: Pk Вид: Ф N: 15503 Дата: 06.02.2008 Дата инв: 24.03.2017 Бележки инв: Ч2017 Книги
  Не е изгубен   Не е повреден без рестрикции ползва се в читалня 125149 Регионална библиотека "Любен Каравелов" Русе Регионална библиотека "Любен Каравелов" Русе Хранилище 2009-06-12 Хранилище 20.00 120000736086 Цб 238522 120000736086 2 10.23 Дост: Dp Вид: Д N: 1 Дата: 04.12.2008 Книги
Vip Innovations Ltd, Rousse, Bulgaria 2025